Anglicizmy v slovenčine z hľadiska didaktickej komunikácie

Bibliographic Details
Main Author: Katreniaková, Zdena (Author)
Format: Book
Language:Slovak
PhysicalDescription:32 s. tab. 29 cm
Published: Banská Bystrica Metodické centrum 2002
ISBN:8080413991
Edition:[1. vyd.]
Series:Primárne vzdelávanie
Subjects:

MARC

LEADER 00000nam a2200000 a 4500
001 vtls001438945
003 SK-MaSNL
005 20260301202908.0
008 240314s2002 xo ae r 0yy slo
015 |a SNBA2003/11-04122 
020 |a 8080413991 
035 |a SNK000394088 
035 |a urn:nbn:sk:snk-amtia1 
035 |a urn:nbn:sk:snk-am00c5in 
035 |a C170C5BF-8696-48FA-B97F-9FEB26488409 
040 |a SNK  |b slo  |c SNK  |e AACR2 
041 0 |a slo 
044 |a xo  |c SK 
072 7 |a 811.111  |2 konspekt 
080 |a 811.111´373.45  |2 1981 
080 |a 811.162.4´373.45  |2 2. slo 
080 |a (048.8)  |2 1981 
100 1 |a Katreniaková, Zdena  |4 aut  |9 393872 
245 1 0 |a Anglicizmy v slovenčine z hľadiska didaktickej komunikácie  |c Zdena Katreniaková 
250 |a [1. vyd.] 
260 |a Banská Bystrica  |b Metodické centrum  |c 2002 
300 |a 32 s.  |b tab.  |c 29 cm 
490 1 |a Primárne vzdelávanie 
500 |a 200 výt. 
504 |a Bibliogr. s. 32. Slovník 
650 0 7 |a slovenčina  |2 SNK  |9 1350 
650 0 7 |a anglicizmy  |2 SNK  |9 4147 
655 7 |a príručky  |2 SNK  |9 74364 
655 7 |a štúdie  |2 SNKPH  |9 57033 
830 0 |a Primárne vzdelávanie  |9 301793 
919 |a 80-8041-399-1 
958 0 7 |a NB 
958 |a OND 
968 |d 81 
999 |c 900608  |d 902538 
952 |a SNK  |b SNK  |y VYP  |7 0  |p 17A0353396  |o snkSB 65314 D1  |i snkKSP 9770/2002  |0 0  |1 0  |4 0  |d 2002-08-13  |l 0  |r 2005-01-02 00:00:00  |w 2026-02-24 
952 |a SNK  |b SNK  |y PREZ  |7 0  |p 17A0353395  |o snkSB 65314  |i snkKSP 9769/2002  |0 0  |1 0  |4 0  |d 2002-08-13  |f 1  |l 0  |r 2017-06-30 00:00:00  |w 2026-02-24